Statistiken für Ave Maria - Latein

Klicken Sie hier um das Quiz zu spielen!

Allgemein

  • Dieses Quiz wurde 68 mal gespielt
  • Das Durchschnittsergebnis liegt bei 14 aus 31

Antwortstatistiken

Ave Maria% Korrekt
Ave
100%
Maria,
100%
Maria,
100%
Dominus
49%
Iesus.
49%
plena,
49%
tu
49%
tui,
49%
Dei,
46%
in
46%
in
46%
Mater
46%
et
43%
et
43%
gratia
43%
Sancta
43%
Amen
40%
Benedicta
40%
benedictus
40%
hora
37%
mortis
34%
mulieribus,
34%
nunc
34%
peccatoribus
34%
pro
34%
tecum.
34%
fructus
31%
nobis
31%
nostrae.
31%
ora
31%
ventris
31%

Verteilung der Resultate

Perzentil nach korrekt beantworteten Fragen

Anzahl Personen mit jedem Resultat

Ihre Resultats-Entwicklung

Sie haben dieses Quiz noch nicht gespielt